|
|
|
|
| LEADER |
00702cam a2200205 7i4500 |
| 001 |
0000040039 |
| 005 |
20170218090000.0 |
| 020 |
|
|
|a 1439080607 (hbk.)
|
| 020 |
|
|
|a 9781439080603 (hbk.)
|
| 090 |
0 |
0 |
|a HF5681.B2
|b G34 2011
|
| 100 |
1 |
|
|a Gibson, Charles H
|
| 245 |
1 |
0 |
|a Financial reporting & analysis :
|b using financial accounting information
|c Charles H. Gibson.
|
| 250 |
|
|
|a 12th ed.
|
| 260 |
|
|
|a Australia:
|b South-Western Cengage Learning,
|c 2011.
|
| 300 |
|
|
|a xviii, 620 p.:
|b ill.;
|c 29 cm.
|
| 650 |
0 |
0 |
|a Financial statements
|
| 997 |
|
|
|a Business & Accountancy, Faculty
|
| 998 |
|
|
|a Accountancy, Diploma
|
| 998 |
|
|
|a Accountancy, Degree
|
| 999 |
|
|
|a 0000053608
|b BOK
|c OPEN SHELF
|e 1st Floor, Shah Alam
|